000 02278nam a2200421 a 4500
001 53378
003 AR-BaAGN
005 20250702151837.0
007 ta
008 s1991 ag ||||| |||| ||| ||spa d
040 _aAR-BaAGN
_bspa
_eaacr
100 1 _aBozzano, Horacio Rodolfo,
_99270
110 1 _aUniversidad Nacional de La Plata.
_bFacultad de Humanidades y Ciencias de la Educación
_94801
245 1 0 _aTerritorio y producción :
_bcasos en la región metropolitana de Buenos Aires.
260 _aLa Plata :
_bFacultad de Humanidades y Ciencias de la Educación (UNLP),
_c1991.
300 _a85 páginas :
_bilustraciones, plano ;
_c23 cm.
336 _2rdacontent
_btxt
337 _2rdamedia
_bn
338 _2rdacarrier
_bnc
490 _aEstudios e Investigaciones ;
_v10, año 1991
505 0 _aMutaciones productivas y transformaciones territoriales : El caso del Polo Petroquímico de Ensenada y del suburbio degradado de Villa Montoro en la Región Metropolitana / Horacio Bozzano -- El mercado de tierra urbana en el Gran La Plata / María Alejandra González, María Gabriela Peirano -- La industria del calzado de cuero en la Región Metropolitana / Susana Buscazzo, Nidia Tadeo, Marcela Fedele -- Agricultura en espacios periurbanos : Aspectos de la floricultura en el Sureste de la Región Metropolitana de Buenos Aires / Nidia Tadeo, Marcela Fedele, Elizabeth Niz.
520 3 _aLoa trabajos que se presentan en esta obra forman parte de algunos proyectos de investigación desarrollados en el Departamento de Geografía de la Facultad de Humanidades y Ciencias dela Educación de la Universidad Nacional de La Plata.
650 4 _aSOCIOLOGÍA
_91987
650 4 _aURBANIZACIÓN
_92013
650 4 _aMEDIO URBANO
_92142
650 4 _aPLANIFICACIÓN URBANA
_92161
650 4 _aPRODUCCIÓN
_91933
650 4 _aINDUSTRIA
_91527
650 4 _aAGRICULTURA
_91551
650 4 _aTENENCIA DE LA TIERRA
_91994
651 4 _aEnsenada (Buenos Aires [Provincia])
_93725
651 4 _aLa Plata (Buenos Aires [Provincia])
_95111
700 1 _aTadeo, Nidia Silvia,
_99271
700 1 _aFedele, Marcela,
_99272
856 4 _uhttps://www.memoria.fahce.unlp.edu.ar/libros/pm.114/pm.114.pdf
_zObra en pdf
942 _cFOLLETO
_kAGN
999 _c53378
_d53378